| 000 | 00424nam a2200157 a 4500 | ||
|---|---|---|---|
| 005 | 20140414132100.0 | ||
| 008 | 100702s19uu xx 00 eng d | ||
| 020 | _a9833434770 | ||
| 050 |
_aTR 581 _bPl713 2004 |
||
| 245 |
_aYoung scientist: _bplants. |
||
| 260 |
_aMalaysia : _bLittle Sun Sdn. Bhd, _c2004. |
||
| 300 | _a16 | ||
| 440 | _aKindergarten series | ||
| 650 |
_aPlants- _xparts- _xactivity book. |
||
| 999 |
_c114445 _d114445 |
||